Memoirs /

Bibliographic Details
Main Author: Grigorenko, Petro G
Format: Libro
Language:English
Published: Nueva York Norton & Company
Edition:1a.ed.
Online Access:

MARC

LEADER 00000cam a2200000 a 4500
001 012475
003 UAHC_CL
005 20170803120919.0
008 010822b xx j 000 1 eng
020 |a 039301570X 
040 |a UAHC_CL  |c UAHC_CL  |d UAHC_CL 
082 0 4 |a 361.23 G857 
100 1 |a Grigorenko, Petro G 
245 1 0 |a Memoirs /  |c Petro G. Grigorenko. 
250 |a 1a.ed. 
260 |a Nueva York  |b Norton & Company 
300 |a 462 p. 
900 |a 361.23 GRI 
942 |c BK 
952 |0 0  |1 0  |4 0  |6 361_230000000000000_GRI  |7 0  |8 General  |9 25357  |a BC  |b BC  |c General  |d 2017-08-03  |l 0  |o 361.23 GRI  |p 1300593  |r 2026-01-13 00:00:00  |t 1  |w 2017-08-03  |y BK 
999 |c 12475  |d 12475